00962nam a2200289 a 4500003000900000005001700009008004100026020001800067040001300085245005300098260007500151300001000226490006300236500005600299504002500355600002300380650002300403650001500426650003200441650002600473650002100499650002300520650003400543655001500577700004000592800004000632AR-BaBNM20251128210346.0082120s2002 ||||||||||||||000 | spa|| a987-96952-8-3 cAR-BaBNM00aCarlos Pellegriniblegislador y hombre de Estado aBuenos AiresbCírculo de Legisladores de la Nación Argentinac1998 a95 p. 0aVidas, ideas y obras de los legisladores argentinosvv. 10 aContiene textos parlamentarios de Carlos Pellegrini aBibliografía p. 3714aPellegrini, Carlos 4aHISTORIA ARGENTINA 4aBIOGRAFIAS 4aHISTORIA POLITICA ARGENTINA 4aLEGISLACION ARGENTINA 4aSIGLO DIECINUEVE 4aHISTORIA ECONOMICA 4aPARTIDOS POLITICOS ARGENTINOS aBIOGRAFIAS1 aHerz, Enrique Germáneprologuista1 aMárquez, Alfonso Carlosedirector